Catálogo público

Metodología de la investigación / (Record no. 168647)

MARC details
000 -CABECERA
campo de control de longitud fija 00869nam a2200289Ia 4500
001 - NÚMERO DE CONTROL
campo de control Z_5553
003 - IDENTIFICADOR DEL NÚMERO DE CONTROL
campo de control CHAP
008 - DATOS DE LONGITUD FIJA--INFORMACIÓN GENERAL
campo de control de longitud fija 220113s2006 xx 000 0 und d
010 ## - NÚMERO DE CONTROL DE LA BIBLIOTECA DEL CONGRESO
Número de control de LC 168647
020 ## - NÚMERO INTERNACIONAL ESTÁNDAR DEL LIBRO
Número Internacional Estándar del Libro 978-970-10-5753-7
040 ## - FUENTE DE LA CATALOGACIÓN
Centro/agencia transcriptor CHAP
082 ## - NÚMERO DE LA CLASIFICACIÓN DECIMAL DEWEY
Número de clasificación 300.18 H4 2006
100 ## - ENTRADA PRINCIPAL--NOMBRE DE PERSONA
Nombre de persona Hernández Sampieri, Roberto
9 (RLIN) 54596
245 ## - MENCIÓN DE TÍTULO
Título Metodología de la investigación /
Mención de responsabilidad, etc. por Roberto Hernández Sampieri, Carlos Fernández Collado y Pilar Baptista Lucio
250 ## - MENCIÓN DE EDICIÓN
Mención de edición 4 ed.
260 ## - PUBLICACIÓN, DISTRIBUCIÓN, ETC.
Lugar de publicación, distribución, etc. México, D.F. :
Nombre del editor, distribuidor, etc. McGraw-Hill,
Fecha de publicación, distribución, etc. 2006
300 ## - DESCRIPCIÓN FÍSICA
Extensión 850 p. :
Otras características físicas ilus. ; gráfs. ; cuadros; + 1 disco compacto
503 ## - NOTA DE HISTORIA BIBLIOGRÁFICA (BK CF MU) [OBSOLETO]
Nota de historia bibliográfica c/e
600 ## - PUNTO DE ACCESO ADICIONAL DE MATERIA--NOMBRE DE PERSONA
Nombre de persona I.Fernández Collado, Carlos II.Baptista Lucio, Pilar
9 (RLIN) 142933
650 ## - PUNTO DE ACCESO ADICIONAL DE MATERIA--TÉRMINO DE MATERIA
Término de materia o nombre geográfico como elemento de entrada I. Investigación
Subdivisión general Metodología
9 (RLIN) 142934
901 ## - ELEMENTOS DE DATOS A LOCAL LDA (RLIN)
a 300.18 H4 2006
902 ## - ELEMENTOS DE DATOS B LOCAL, LDB (RLIN)
a A
910 ## - DATOS DE OPCIÓN DEL USUARIO (OCLC)
Datos de opción del usuario 2006
942 ## - ELEMENTOS DE PUNTO DE ACCESO ADICIONAL (KOHA)
Tipo de ítem Koha Libro_
942 ## - ELEMENTOS DE PUNTO DE ACCESO ADICIONAL (KOHA)
Tipo de ítem Koha
Holdings
Estado de retiro Estado de pérdida Fuente del sistema de clasificación o colocación Estado dañado No para préstamo Código de colección Localización permanente Ubicación/localización actual Ubicación en estantería Fecha de adquisición Código de barras Fecha visto por última vez Número de copia Precio válido a partir de Tipo de ítem Koha
    Dewey Decimal Classification     General Zootecnia Zootecnia   22/11/2007 z_5408 18/01/2022 1 18/01/2022 Libro
    Dewey Decimal Classification     General Zootecnia Zootecnia   22/11/2007 z_5409 18/01/2022 2 18/01/2022 Libro